Yüklüyor......
Yenteyum Ninteyum katha,avanteyum. Tr by K V Kumaran /
| Yazar: | |
|---|---|
| Dil: | Undetermined |
| Baskı/Yayın Bilgisi: |
New Delhi
Sahitya Academy
1998
|
| Edisyon: | 8th ed. |
| LEADER | 00488nam a2200145Ia 4500 | ||
|---|---|---|---|
| 001 | 132689 | ||
| 008 | 170722s9999 xx 000 0 und d | ||
| 100 | |a Yeshpal | ||
| 245 | |a Yenteyum Ninteyum katha,avanteyum. Tr by K V Kumaran / | ||
| 250 | |a 8th ed. | ||
| 260 | |b Sahitya Academy |a New Delhi |c 1998 | ||
| 300 | |a 885 | ||
| 942 | |c GEN | ||
| 999 | |c 15568 |d 15568 | ||
| 952 | |0 0 |1 0 |4 0 |6 O_1523N032ME_32N8 |7 0 |9 18506 |a LIB |b LIB |d 2017-08-12 |l 1 |o O152,3N032,ME 32N8 |p 241011 |r 2018-11-29 |s 2018-10-29 |v 0.00 |w 2017-08-12 |y GEN | ||